Statistics for Famous Parents and Kids #1

Click here to take the quiz!

General Stats

  • This quiz has been taken 43,679 times
    (9,177 since last reset)
  • The average score is 16 of 24

Answer Stats

Parent Child Last Name % Correct
Billy RayMileyCyrus
98%
LionelNicoleRichie
90%
MartinCharlieSheen
85%
JoeJanetJackson
85%
FrankNancySinatra
84%
BillChelseaClinton
84%
DonaldKieferSutherland
81%
KirkMichaelDouglas
80%
StevenLivTyler
80%
PriscillaLisa MariePresley
79%
HenryJaneFonda
77%
TomSuriCruise
76%
PaulStellaMcCartney
72%
SharonKellyOsbourne
69%
FrancisSofiaCoppola
66%
AaronToriSpelling
62%
NatNatalieCole
59%
ArchiePeytonManning
55%
ChrisAppleMartin
54%
JerryBenStiller
53%
HenryEdselFord
48%
WoodyArloGuthrie
41%
RonRandPaul
37%
RoseJohnKennedy
29%

Score Distribution

Percentile by Number Answered

Percent of People with Each Score

Your Score History

You have not taken this quiz since the last reset